Movie Quotes #2 - Statistics

General Stats
  • This quiz has been taken 43 times
  • The average score is 6 of 11
Answer Stats
Quote Movie Year % Correct
"Mama always said life was like a box of chocolates. You never know what you're gonna get." Forrest Gump 1994
100%
"Hasta la vista, baby." Terminator 2: Judgement Day 1991
92%
"I see dead people." The Sixth Sense 1999
92%
"I'm going to make him an offer he can't refuse." The Godfather 1972
89%
They may take our lives, but they'll never take our freedom!" Braveheart 1995
74%
"There's no crying in baseball!" A League of Their Own 1992
50%
“Go ahead: Make my day.” Sudden Impact 1982
32%
"I don't have friends. I got family." Furious 7 2015
26%
"You sit on a throne of lies." Elf 2003
21%
"What is this? A center for ants?" Zoolander 2001
21%
I came here to chew bubblegum and kick ass, but im all out of bubblegum." They Live 1988
13%
No matching quizzes found
Score Distribution
Percent of People with Each Score
Percentile by Number Answered
Your Score History
You have not taken this quiz